Imbalanced Sex Countries Quiz Stats

 Plays Quiz Updated Dec 26, 2018

     
Support Sporcle.
Go Orange.
Score 0/30 Timer 05:00
1 Play Today
Dominant Sex Country % Correct
Male DominantSaudi Arabia
57.3%
Male DominantUnited Arab Emirates
45.3%
Male DominantAfghanistan
44.2%
Female DominantVatican City
42.3%
Male DominantOman
42.1%
Male DominantKuwait
36.3%
Male DominantQatar
36.2%
Female DominantUkraine
32.2%
Female DominantLatvia
31.2%
Female DominantLithuania
29.4%
Female DominantEstonia
29.2%
Female DominantMonaco
28.9%
Male DominantBahrain
28.5%
Female DominantBelarus
26%
Female DominantKazakhstan
25.5%
Dominant Sex Country % Correct
Male DominantAndorra
24.8%
Female DominantGeorgia
24.7%
Male DominantLibya
22.1%
Male DominantSamoa
20.6%
Female DominantArmenia
19.2%
Female DominantHungary
18.7%
Female DominantMoldova
18.4%
Female DominantTuvalu
18.3%
Male DominantBhutan
18%
Male DominantPalau
16.8%
Female DominantLesotho
15.4%
Male DominantBrunei
15%
Male DominantSolomon Islands
14%
Male DominantGuyana
8%
Female DominantAntigua and Barbuda
5.1%

From the Vault

Time Person of the Year per Letter

by leviper

History 6m
The only Sporcle quiz where you are an answer.
Remove Ads.
Support Sporcle.
Get the best of Sporcle when you Go Orange. This ad-free experience offers more features, more stats, and more fun while also helping to support Sporcle. Thank you for becoming a member.

Show Comments

Extras

Top Quizzes Today


Score Distribution

Your Account Isn't Verified!

In order to create a playlist on Sporcle, you need to verify the email address you used during registration. Go to your Sporcle Settings to finish the process.

Report this User

Report this user for behavior that violates our Community Guidelines.

Details: